Pokemon Indigo Episodes Quiz Stats

 Plays Quiz not verified by Sporcle

Also try: TV Show by Poster
Challenge
Share
Tweet
Embed
Score 0/32 Timer 04:00
0 Plays Today
Episode # Pokemon % Correct
6Clefairy
95.2%
12Squirtle
95.2%
60Clefairy
95.2%
10Bulbasaur
91.9%
21Butterfree
91.9%
49Bulbasaur
91.9%
31Diglett
88.7%
11Charmander
85.5%
37Pikachu
85.5%
25Primeape
82.3%
39Snorlax
82.3%
38Eevee
79%
22Abra
77.4%
43Jigglypuff
77.4%
24Haunter
71%
30Magnemite
71%
Episode # Pokemon % Correct
47Farfetch'd
67.7%
48Togepi
67.7%
34Kangaskhan
64.5%
24Kadabra
62.9%
27Hypno
61.3%
36Ditto
61.3%
42Paras
59.7%
71Onix
59.7%
63Jynx
56.5%
70Meowth
56.5%
45Chansey
54.8%
41Exeggutor
53.2%
19Tentacool
43.5%
19Tentacruel
43.5%
68Gloom
41.9%
62Mr. Mime
32.3%

You're not logged in!

Compare scores with friends on all Sporcle quizzes.
Join for Free
OR
Log In

You Might Also Like...

Show Comments

Extras

Top Quizzes Today


Score Distribution

Your Account Isn't Verified!

In order to create a playlist on Sporcle, you need to verify the email address you used during registration. Go to your Sporcle Settings to finish the process.

Report this User

Report this user for behavior that violates our Community Guidelines.

Details: